书目信息 |
| 题名: |
3ds max 9.0中文版三维与动画设计100例
|
|
| 作者: | 许小荣 , 靳霞 , 庞捷 编著 | |
| 分册: | ||
| 出版信息: | 北京 电子工业出版社 2008.06 |
|
| 页数: | 400页 | |
| 开本: | 26cm | |
| 丛书名: | 应用实例系列 | |
| 单 册: | ||
| 中图分类: | TP391.41 | |
| 科图分类: | ||
| 主题词: | 三维--san wei--动画--图形软件 | |
| 电子资源: | ||
| ISBN: | 978-7-121-06700-6 | |
| 000 | 01133nam 2200289 450 | |
| 001 | 012008862595 | |
| 005 | 20080901095910.56 | |
| 010 | @a978-7-121-06700-6@dCNY46.00 (含光盘) | |
| 010 | @a978-7-89485-773-6@b光盘 | |
| 100 | @a20080901d2008 em y0chiy0120 ea | |
| 101 | 0 | @achi |
| 102 | @aCN@b110000 | |
| 105 | @aa z 000yy | |
| 106 | @ar | |
| 200 | 1 | @a3ds max 9.0中文版三维与动画设计100例@A3ds max 9.0 zhong wen ban san wei yu dong hua she ji 100 li@f许小荣, 靳霞, 庞捷等编著@Fxu xiao rong,jin xia,pang jie deng bian zhu |
| 210 | @a北京@c电子工业出版社@d2008.06 | |
| 215 | @a400页@c图@d26cm@e光盘1片 | |
| 225 | 2 | @a应用实例系列@Aying yong shi li xi lie |
| 330 | @a本书通过100个经典实例全面讲述了使用3ds max 9.0进行三维动画多种效果制作及操作的过程,内容涉及建模技术、材质与贴图、动画制作、粒子系统与环境设置以及综合应用等方面。 | |
| 410 | 0 | @12001 @a应用实例系列 |
| 606 | 0 | @a三维@Asan wei@x动画@x图形软件 |
| 690 | @aTP391.41@v4 | |
| 701 | 0 | @a许小荣@Axu xiao rong@4编著 |
| 701 | 0 | @a靳霞@Ajin xia@4编著 |
| 701 | 0 | @a庞捷@Apang jie@4编著 |
| 801 | 0 | @aCN@bQSSK@c20080901 |
| 905 | @b733179-80@dTP391.41@eX905@f2 | |
| 3ds max 9.0中文版三维与动画设计100例/许小荣, 靳霞, 庞捷等编著.-北京:电子工业出版社,2008.06 |
| 400页:图;26cm+光盘1片.-(应用实例系列) |
| ISBN 978-7-121-06700-6:CNY46.00 (含光盘) |
| 本书通过100个经典实例全面讲述了使用3ds max 9.0进行三维动画多种效果制作及操作的过程,内容涉及建模技术、材质与贴图、动画制作、粒子系统与环境设置以及综合应用等方面。 |
| ● |
| 相关链接 |
|
|
|
正题名:3ds max 9.0中文版三维与动画设计100例
索取号:TP391.41/X905
 
预约/预借
| 序号 | 登录号 | 条形码 | 馆藏地/架位号 | 状态 | 备注 |
| 1 | 733179 | 207331797 | 自科库301/301自科库 98排2列4层/ [索取号:TP391.41/X905] | 在馆 | |
| 2 | 733180 | 207331804 | 自科库301/301自科库 98排2列4层/ [索取号:TP391.41/X905] | 在馆 |